[Event "DVM U20w 2012"]
[Site "Osnabrück GER"]
[Date "2012.12.29"]
[Round "5"]
[White "Voss, Chantal"]
[Black "Knöchel, Sarah"]
[Result "0-1"]
[Termination "normal"]
[Board "1.4"]
[WhiteElo "1899"]
[BlackElo "1249"]
[WhiteTeam "TSV Schott Mainz"]
[BlackTeam "SC Leipzig-Lindenau"]
[WhiteFideId "4664906"]
[EventCountry "GER"]
[EventRounds "7"]
[EventType "team-swiss"]
[EventDate "2012.12.26"]

1. d4 d5 2. c4 c6 3. Nf3 Nf6 4. g3 Bf5 5. Bg2 e6 6. O-O Be7 7. Nc3 O-O 8. Ne5
Nbd7 9. h3 Nxe5 10. dxe5 Nd7 11. cxd5 Nxe5 12. e4 Bg6 13. f4 Nc4 14. f5 Bxf5
15. exf5 exd5 16. Kh2 Bd6 17. Nxd5 cxd5 18. Bxd5 Qc7 19. Qb3 Na5 20. Qf3 Rac8
21. Bg5 Nc6 22. f6 g6 23. Rae1 Ne5 24. Qe3 Rfe8 25. Kg2 Qc2+ 26. Rf2 Qd3 27.
Rfe2 Qxd5+ 28. Qe4 Qxe4+ 29. Rxe4 Rc2+ 30. R1e2 Rxe2+ 31. Rxe2 Re6 32. b3 Nd7
33. Rd2 Nxf6 34. Bh6 Ne4 35. Rc2 f5 36. Rc8+ Kf7 37. Rh8 g5 38. Rxh7+ Kg8 39.
Rg7+ Kh8 40. Rxb7 Rxh6 41. Rxa7 Nxg3 42. a4 Rf6 43. a5 f4 44. Kf3 Ne4 45. Rb7
Nd2+ 46. Kf2 Bc5+ 47. Ke1 f3 0-1

[Event "DVM U20w 2012"]
[Site "Osnabrück GER"]
[Date "2012.12.29"]
[Round "5"]
[White "Schulz, Anja"]
[Black "Kühnel, Lena"]
[Result "1-0"]
[Termination "normal"]
[Board "2.1"]
[WhiteElo "2076"]
[BlackElo "1904"]
[WhiteTeam "SC Ladja Roßdorf"]
[BlackTeam "Dortmunder Schachverein 1875"]
[WhiteFideId "24647845"]
[BlackFideId "24640956"]
[EventCountry "GER"]
[EventRounds "7"]
[EventType "team-swiss"]
[EventDate "2012.12.26"]

1. e4 e5 2. Nf3 Nc6 3. Bb5 a6 4. Ba4 Nf6 5. d3 d6 6. c3 g6 7. O-O Bg7 8. Re1 b5
9. Bc2 O-O 10. Nbd2 Re8 11. Nf1 Bb7 12. Ng3 h6 13. h3 d5 14. Be3 Kh7 15. Qe2
Qe7 16. Rad1 Rad8 17. Nh2 d4 18. Bc1 Qc5 19. Bd2 Qe7 20. Kh1 dxc3 21. bxc3 b4
22. Nf3 a5 23. Ba4 Nd7 24. cxb4 Nxb4 25. a3 Nc6 26. Rc1 Nc5 27. Bxc6 Bxc6 28.
Be3 Nxd3 29. Rxc6 Nxe1 30. Qxe1 Qxa3 31. Rxc7 Qb3 32. Qxa5 Kg8 33. h4 Ra8 34.
Qc5 Bf8 35. Qc6 Qe6 36. Qc1 Rec8 37. h5 Rxc7 38. Qxc7 Bd6 39. Qc1 Rc8 40. Qd2
g5 41. Nf5 Bf8 42. Nh2 Qc4 43. Ng4 1-0

[Event "DVM U20w 2012"]
[Site "Osnabrück GER"]
[Date "2012.12.29"]
[Round "5"]
[White "Hoffmann, Hanna Dorina"]
[Black "Tran, My Linh"]
[Result "0-1"]
[Termination "normal"]
[Board "2.2"]
[WhiteElo "1603"]
[BlackElo "2031"]
[WhiteTeam "Dortmunder Schachverein 1875"]
[BlackTeam "SC Ladja Roßdorf"]
[WhiteFideId "12909858"]
[BlackFideId "24682462"]
[EventCountry "GER"]
[EventRounds "7"]
[EventType "team-swiss"]
[EventDate "2012.12.26"]

1. d4 Nf6 2. c4 c5 3. Nf3 cxd4 4. Nxd4 e5 5. Nf3 Nc6 6. e3 d5 7. cxd5 Nxd5 8.
Bd2 e4 9. Nd4 Nxd4 10. exd4 Be7 11. Nc3 Nf6 12. Bg5 O-O 13. Bc4 h6 14. Bh4 a6
15. h3 b5 16. Bxf6 Bxf6 17. Bd5 Ra7 18. a3 Rd7 19. O-O Rxd5 20. Nxd5 Qxd5 21.
Rb1 Bxd4 22. Qe2 Bb7 23. Rfd1 Qe5 24. Rd2 e3 25. fxe3 Bxe3+ 26. Kh1 Qg3 0-1

[Event "DVM U20w 2012"]
[Site "Osnabrück GER"]
[Date "2012.12.29"]
[Round "5"]
[White "Schmalhorst, Sophia"]
[Black "Friese, Sarah"]
[Result "1/2-1/2"]
[Termination "normal"]
[Board "2.3"]
[WhiteElo "1914"]
[BlackElo "1606"]
[WhiteTeam "SC Ladja Roßdorf"]
[BlackTeam "Dortmunder Schachverein 1875"]
[WhiteFideId "24682497"]
[BlackFideId "24691950"]
[EventCountry "GER"]
[EventRounds "7"]
[EventType "team-swiss"]
[EventDate "2012.12.26"]

1. e4 c6 2. d4 d5 3. exd5 cxd5 4. Bd3 Nc6 5. c3 Nf6 6. h3 e6 7. Bf4 Bd6 8. Bxd6
Qxd6 9. Nf3 O-O 10. O-O Ne4 11. Nbd2 f5 12. Re1 Bd7 13. Bxe4 fxe4 14. Nh2 Qf4
15. Qe2 e5 16. Nb3 exd4 17. Nxd4 Nxd4 18. cxd4 a6 19. Rac1 Rac8 20. Qe3 Qf6 21.
Nf1 Bb5 22. Ng3 Rc4 23. Rxc4 Bxc4 24. b3 Bb5 25. Rc1 Bc6 26. Nf1 Qf7 27. Nh2 h5
28. Rc2 Qf6 29. Nf1 Qf4 30. Qxf4 Rxf4 31. Ne3 Kf7 32. Kh2 Ke6 33. Kg3 g5 34.
Kh2 Kd6 35. Rd2 Bd7 36. Kg3 Be6 37. Rc2 Bd7 38. Rc5 Be6 39. Rc2 Bd7 40. a4 b6
41. Ra2 a5 42. Rc2 h4+ 43. Kh2 Be6 1/2-1/2

[Event "DVM U20w 2012"]
[Site "Osnabrück GER"]
[Date "2012.12.29"]
[Round "5"]
[White "Büttner, Sarah"]
[Black "Görisch, Annika"]
[Result "1-0"]
[Termination "normal"]
[Board "2.4"]
[WhiteElo "1461"]
[BlackElo "825"]
[WhiteTeam "Dortmunder Schachverein 1875"]
[BlackTeam "SC Ladja Roßdorf"]
[WhiteFideId "12909866"]
[EventCountry "GER"]
[EventRounds "7"]
[EventType "team-swiss"]
[EventDate "2012.12.26"]

1. d4 d5 2. c4 dxc4 3. a4 Nf6 4. Bg5 g6 5. Bxf6 exf6 6. Nc3 Bg7 7. e3 f5 8.
Bxc4 O-O 9. Nf3 Nc6 10. O-O b6 11. Rc1 Bb7 12. Bd5 Ba6 13. Bxc6 Bxf1 14. Bxa8
Qxa8 15. Kxf1 a5 16. Qb3 Qa6+ 17. Qb5 Qb7 18. Nd5 Kh8 19. Rxc7 Qb8 20. Qxb6
Qxb6 21. Nxb6 h5 22. Ng5 Kg8 23. Nf3 Rb8 24. Rc8+ Rxc8 25. Nxc8 Bf6 26. Ke2 Bd8
27. Ne5 Bc7 28. h3 Kf8 29. Na7 Ke7 30. Kd3 Ke6 31. Kc4 Bxe5 32. dxe5 Kxe5 33.
Nc6+ 1-0

[Event "DVM U20w 2012"]
[Site "Osnabrück GER"]
[Date "2012.12.29"]
[Round "5"]
[White "Mehling, Franziska"]
[Black "Bachem, Sabrina"]
[Result "1/2-1/2"]
[Termination "normal"]
[Board "3.1"]
[WhiteElo "1708"]
[BlackElo "1408"]
[WhiteTeam "SpVgg Stetten"]
[BlackTeam "TTC Grün-Weiß Fritzdorf"]
[WhiteFideId "12900133"]
[EventCountry "GER"]
[EventRounds "7"]
[EventType "team-swiss"]
[EventDate "2012.12.26"]

1. d4 Nf6 2. c4 g6 3. Nc3 Bg7 4. e4 d6 5. f3 O-O 6. Be3 c6 7. Qd2 e5 8. Nge2
Nbd7 9. Nc1 exd4 10. Bxd4 Re8 11. Be2 Nb6 12. O-O Be6 13. b3 d5 14. cxd5 cxd5
15. e5 Nfd7 16. Nd3 Bf5 17. f4 a6 18. Bf3 Be6 19. Qf2 Rc8 20. Rac1 Bh6 21. Ne2
Rxc1 22. Rxc1 a5 23. Rc3 Nc8 24. Nc5 Nxc5 25. Rxc5 Ne7 26. Rc2 Qd7 27. Bb6 Nc6
28. g3 Ra8 29. Nd4 Nxd4 30. Qxd4 Bf8 31. Rc7 Qb5 32. Qe3 Rc8 33. Rxc8 Bxc8 34.
Bxd5 Bh3 1/2-1/2

[Event "DVM U20w 2012"]
[Site "Osnabrück GER"]
[Date "2012.12.29"]
[Round "5"]
[White "Bachem, Lisa"]
[Black "Mehling, Katharina"]
[Result "0-1"]
[Termination "normal"]
[Board "3.2"]
[WhiteElo "1541"]
[BlackElo "1826"]
[WhiteTeam "TTC Grün-Weiß Fritzdorf"]
[BlackTeam "SpVgg Stetten"]
[WhiteFideId "12909912"]
[BlackFideId "12900362"]
[EventCountry "GER"]
[EventRounds "7"]
[EventType "team-swiss"]
[EventDate "2012.12.26"]

1. e4 e6 2. d4 d5 3. e5 c5 4. Nf3 Nc6 5. c3 Bd7 6. Be2 f6 7. O-O fxe5 8. Nxe5
Nxe5 9. dxe5 Qc7 10. Re1 Ne7 11. Nd2 Nc6 12. Nf3 O-O-O 13. Bb5 h6 14. a3 g5 15.
b4 c4 16. Bxc6 Bxc6 17. Nd4 Bd7 18. a4 Be7 19. Ba3 Rdg8 20. b5 Qd8 21. a5 h5
22. a6 b6 23. Nc6 Bxc6 24. bxc6 Bxa3 25. Rxa3 Qe7 26. Qa4 Kc7 27. Rb1 Rb8 28.
Ra2 Qc5 29. Qb4 Qxb4 30. Rxb4 Kxc6 31. f3 Rhf8 32. Kf2 Rf5 33. Re2 b5 34. Rb1
g4 35. Kg3 gxf3 36. gxf3 Rg8+ 37. Kf2 Kb6 38. Ra1 Rfg5 39. f4 Rg2+ 40. Kf3 Rxe2
41. Kxe2 h4 42. Kf2 h3 43. f5 exf5 44. e6 Re8 45. Re1 Kc5 46. Re5 Kd6 47. Rxf5
Rxe6 48. Rh5 Kc5 49. Rxh3 Rxa6 50. Rh8 Ra3 51. h4 Rxc3 52. h5 b4 53. h6 Rh3 54.
h7 Kd4 55. Ke2 b3 56. Kd2 Rh2+ 57. Kc1 c3 58. Kb1 Rh1# 0-1

[Event "DVM U20w 2012"]
[Site "Osnabrück GER"]
[Date "2012.12.29"]
[Round "5"]
[White "Bosse, Lea"]
[Black "Sturm, Johanna"]
[Result "0-1"]
[Termination "normal"]
[Board "3.3"]
[WhiteElo "1612"]
[BlackElo "1616"]
[WhiteTeam "SpVgg Stetten"]
[BlackTeam "TTC Grün-Weiß Fritzdorf"]
[WhiteFideId "12900419"]
[BlackFideId "12909904"]
[EventCountry "GER"]
[EventRounds "7"]
[EventType "team-swiss"]
[EventDate "2012.12.26"]

1. e4 e5 2. Nf3 Nc6 3. d4 exd4 4. Bc4 d6 5. Nxd4 Nxd4 6. Qxd4 Nf6 7. O-O Be7 8.
Nc3 O-O 9. Re1 Bd7 10. Bg5 a6 11. Rad1 Bc6 12. e5 Ne8 13. Bxe7 Qxe7 14. exd6
Qxd6 15. Qxd6 Nxd6 16. Re7 Nxc4 17. b3 Na3 18. Rxc7 Nxc2 19. Rd2 Rae8 20. h3
Na3 21. Re2 Rxe2 22. Nxe2 Nb5 23. Re7 Re8 24. Rxe8+ Bxe8 25. f4 f5 26. Kf2 Bc6
27. g3 Kf7 28. g4 Bd7 29. g5 Ke6 30. Ke3 Kd5 31. Kd3 Nd6 32. a3 Bb5+ 0-1

[Event "DVM U20w 2012"]
[Site "Osnabrück GER"]
[Date "2012.12.29"]
[Round "5"]
[White "Jentsch, Jasmin"]
[Black "Schneider, Jana"]
[Result "0-1"]
[Termination "normal"]
[Board "3.4"]
[WhiteElo "1324"]
[BlackElo "1652"]
[WhiteTeam "TTC Grün-Weiß Fritzdorf"]
[BlackTeam "SpVgg Stetten"]
[WhiteFideId "12909920"]
[BlackFideId "12924997"]
[EventCountry "GER"]
[EventRounds "7"]
[EventType "team-swiss"]
[EventDate "2012.12.26"]

1. e4 e5 2. Nf3 Nc6 3. Bc4 Bc5 4. c3 Nf6 5. d4 exd4 6. cxd4 Bb4+ 7. Nc3 Nxe4 8.
O-O Bxc3 9. bxc3 d5 10. Re1 O-O 11. Bd3 Bf5 12. Bxe4 Bxe4 13. Ng5 Bg6 14. Ba3
Qxg5 15. Bxf8 Rxf8 16. Qb3 Be4 17. g3 Nd8 18. c4 dxc4 19. Qxc4 Qd5 20. Qxc7 Bh1
21. Kf1 Qg2+ 22. Ke2 Qe4+ 0-1

[Event "DVM U20w 2012"]
[Site "Osnabrück GER"]
[Date "2012.12.29"]
[Round "5"]
[White "Sonnhalter, Stella"]
[Black "Kaden, Romy"]
[Result "1-0"]
[Termination "normal"]
[Board "4.1"]
[WhiteElo "1839"]
[BlackElo "1628"]
[WhiteTeam "SC Reti Heusweiler"]
[BlackTeam "Chemnitzer SC Aufbau"]
[WhiteFideId "4624815"]
[BlackFideId "12931616"]
[EventCountry "GER"]
[EventRounds "7"]
[EventType "team-swiss"]
[EventDate "2012.12.26"]

1. e4 c5 2. Nc3 a6 3. Nf3 b5 4. d4 cxd4 5. Nxd4 d6 6. Be3 Nf6 7. f3 e5 8. Nb3
Be6 9. Qd2 h5 10. Be2 Nbd7 11. O-O Qc7 12. a3 Rc8 13. Rac1 Be7 14. a4 b4 15.
Nd5 Bxd5 16. exd5 a5 17. f4 O-O 18. c4 Ne4 19. Qd3 Ndc5 20. Nxc5 Nxc5 21. Qf5
g6 22. Qh3 Qd7 23. f5 h4 24. Bg4 Qc7 25. f6 Bxf6 26. Bxc8 Nb3 27. Rc2 Rxc8 28.
Rxf6 1-0

[Event "DVM U20w 2012"]
[Site "Osnabrück GER"]
[Date "2012.12.29"]
[Round "5"]
[White "Nitzsche, Pia"]
[Black "Orhan, Eda"]
[Result "1-0"]
[Termination "normal"]
[Board "4.2"]
[WhiteElo "1543"]
[BlackElo "1741"]
[WhiteTeam "Chemnitzer SC Aufbau"]
[BlackTeam "SC Reti Heusweiler"]
[WhiteFideId "12900370"]
[BlackFideId "24659258"]
[EventCountry "GER"]
[EventRounds "7"]
[EventType "team-swiss"]
[EventDate "2012.12.26"]

1. c4 Nf6 2. Nc3 g6 3. g3 Bg7 4. Bg2 c6 5. Nf3 O-O 6. O-O d5 7. cxd5 cxd5 8. d4
Nc6 9. Bf4 Qb6 10. Qd2 Ne4 11. Nxe4 dxe4 12. Ne5 Qxd4 13. Nxc6 bxc6 14. Qxd4
Bxd4 15. Bxe4 e5 16. Bxc6 Rb8 17. Bg5 f6 18. Bh6 Rd8 19. Rad1 Ba6 20. Rfe1 Bxb2
21. Rb1 Bc3 22. Rxb8 Rxb8 23. Rc1 Bb2 24. Bd5+ Kh8 25. Rc7 1-0

[Event "DVM U20w 2012"]
[Site "Osnabrück GER"]
[Date "2012.12.29"]
[Round "5"]
[White "Brühan, Caren"]
[Black "Fischer, Franziska"]
[Result "1/2-1/2"]
[Termination "normal"]
[Board "4.3"]
[WhiteElo "1627"]
[BlackElo "1561"]
[WhiteTeam "SC Reti Heusweiler"]
[BlackTeam "Chemnitzer SC Aufbau"]
[WhiteFideId "24691976"]
[BlackFideId "12924199"]
[EventCountry "GER"]
[EventRounds "7"]
[EventType "team-swiss"]
[EventDate "2012.12.26"]

1. d4 d5 2. Nf3 Nf6 3. e3 e6 4. Bd3 c5 5. c3 Bd6 6. O-O O-O 7. Nbd2 Nbd7 8. e4
dxe4 9. Nxe4 Nxe4 10. Bxe4 Nf6 11. Bc2 Qc7 12. h3 b6 13. Bg5 Kh8 14. Qd3 c4 15.
Qe2 Bb7 16. Rfe1 Bd5 17. Ne5 Nd7 18. Qh5 g6 19. Bxg6 fxg6 20. Nxg6+ Kg8 21.
Nxf8 Rxf8 22. Be3 Rf7 23. Rac1 1/2-1/2

[Event "DVM U20w 2012"]
[Site "Osnabrück GER"]
[Date "2012.12.29"]
[Round "5"]
[White "Reyher, Susan"]
[Black "Edel, Fenja"]
[Result "0-1"]
[Termination "normal"]
[Board "5.2"]
[WhiteElo "1332"]
[BlackElo "1635"]
[WhiteTeam "SG Blau-Weiß 1948 Leegebruch"]
[BlackTeam "SV Lingen"]
[WhiteFideId "24686107"]
[BlackFideId "24696749"]
[EventCountry "GER"]
[EventRounds "7"]
[EventType "team-swiss"]
[EventDate "2012.12.26"]

1. e4 c6 2. d4 d5 3. Nc3 g6 4. Nf3 Bg7 5. Bf4 Bg4 6. exd5 cxd5 7. Bb5+ Nc6 8.
Qd3 Bxf3 9. Qxf3 e6 10. O-O-O Nh6 11. Rhe1 O-O 12. g4 Nxd4 13. Rxd4 Nxg4 14.
Rd2 Nh6 15. Kb1 Nf5 16. Be5 Bxe5 17. Rxe5 Qc7 18. Qe2 a6 19. Ba4 b5 20. Bb3 d4
21. Nd1 Rfb8 22. h3 Qc6 23. Bxe6 fxe6 24. Rxe6 Qc5 25. Re5 Qc6 26. Qg4 Qf6 27.
Rde2 Ne3 28. Nxe3 Qxe5 29. Ng2 Qd5 30. Re7 Re8 31. Rd7 Qxg2 32. Qd1 Qxf2 33. a3
Re1 0-1

[Event "DVM U20w 2012"]
[Site "Osnabrück GER"]
[Date "2012.12.29"]
[Round "5"]
[White "Schlichter, Lisa"]
[Black "Sauer, Annika"]
[Result "1-0"]
[Termination "normal"]
[Board "5.3"]
[WhiteElo "1518"]
[BlackElo "1341"]
[WhiteTeam "SV Lingen"]
[BlackTeam "SG Blau-Weiß 1948 Leegebruch"]
[WhiteFideId "12926396"]
[BlackFideId "12952052"]
[EventCountry "GER"]
[EventRounds "7"]
[EventType "team-swiss"]
[EventDate "2012.12.26"]

1. e4 d5 2. exd5 Qxd5 3. Nc3 Qa5 4. Bc4 Nf6 5. d3 c6 6. Bd2 Qc7 7. Qe2 Bf5 8.
Nf3 e6 9. O-O Bd6 10. a4 Nbd7 11. Rfe1 O-O 12. h3 Nb6 13. Bb3 Nbd5 14. Ne4 Bxe4
15. dxe4 Nf4 16. Qe3 e5 17. Rad1 Ng6 18. Bc3 Rfd8 19. Qg5 h6 20. Qxg6 Kf8 21.
Qf5 Qe7 22. Nd2 b5 23. axb5 cxb5 24. Nf1 a5 25. Ne3 b4 26. Bd2 a4 27. Ba2 Rab8
28. Nd5 Nxd5 29. Bxd5 Qd7 30. Qxd7 Rxd7 31. Ra1 Ra7 32. Reb1 Ke7 33. Bc6 a3 34.
bxa3 bxa3 35. Rxb8 Bxb8 36. Bb4+ Bd6 37. c3 Bxb4 38. cxb4 Kd6 39. Bd5 f6 40.
Kf1 Kc7 41. Ke2 Kb6 42. Kd3 Kb5 43. Kc3 Ra4 44. Bc4+ Kb6 45. Kb3 Ra7 46. Rxa3
Rxa3+ 47. Kxa3 g5 48. g4 Kc6 49. Ka4 Kb6 50. f3 Kc6 51. Ka5 Kc7 52. Kb5 Kb7 53.
Bd5+ Ka7 54. Kc6 Kb8 55. b5 h5 56. gxh5 g4 57. fxg4 Ka7 58. h6 f5 59. h7 f4 60.
h8=Q f3 61. Qg7+ Kb8 62. Qb7# 1-0

[Event "DVM U20w 2012"]
[Site "Osnabrück GER"]
[Date "2012.12.29"]
[Round "5"]
[White "Wolff, Marie Antoinette"]
[Black "Möller, Hannah"]
[Result "1/2-1/2"]
[Termination "normal"]
[Board "5.4"]
[WhiteElo "1130"]
[BlackElo "1339"]
[WhiteTeam "SG Blau-Weiß 1948 Leegebruch"]
[BlackTeam "SV Lingen"]
[WhiteFideId "12908258"]
[BlackFideId "1270514"]
[EventCountry "GER"]
[EventRounds "7"]
[EventType "team-swiss"]
[EventDate "2012.12.26"]

1. c4 Nf6 2. g3 g6 3. Bg2 Bg7 4. Nf3 O-O 5. O-O c6 6. Nc3 d5 7. cxd5 cxd5 8. e3
Bf5 9. Qb3 b6 10. Nh4 Be6 11. d4 Nc6 12. Bd2 Qd7 13. Rfe1 Na5 14. Qc2 Bh3 15.
Bh1 Rad8 16. Qc1 Rfe8 17. e4 dxe4 18. Nxe4 Nxe4 19. Rxe4 Bxd4 20. Bc3 Bg7 21.
Bxg7 Kxg7 22. Nf3 Qd6 23. Rh4 Bf5 24. Ng5 h6 25. Nf3 h5 26. Bg2 Nc6 27. h3 Ne5
28. Ng5 Qd2 29. Ne4 Qxc1+ 30. Rxc1 Bxe4 31. Rxe4 Nd3 32. Rc7 Nxb2 33. Rxa7 Rb8
34. Rb4 Nd3 35. Rb5 Nc5 36. a4 e6 37. a5 Na4 38. Rb4 b5 39. Bc6 Red8 40. a6 Nc5
41. Bxb5 Rd6 42. Rf4 Rxb5 43. Raxf7+ Kh6 44. a7 Rd8 45. g4 hxg4 46. Rxg4 g5 47.
Kg2 Ra8 48. h4 gxh4 49. Rxh4+ Kg6 50. Rhh7 Ne4 51. Rhg7+ Kh6 52. f4 Rb2+ 53.
Kf3 Nd2+ 54. Kg4 Rb1 55. Rh7+ Kg6 56. Kg3 Rg1+ 57. Kf2 Rb1 58. Rd7 Ne4+ 59. Kf3
Nf6 60. Rhg7+ Kh6 61. Rc7 Rf1+ 62. Ke2 Rxf4 63. Rb7 Ra4 64. Rgf7 Nd5 65. Rh7+
Kg6 66. Rhg7+ Kf6 67. Rh7 Nf4+ 68. Kf3 Nd5 69. Rh6+ Ke5 70. Rhh7 Ra3+ 71. Kf2
Kd6 72. Rbd7+ Kc6 73. Rdf7 Kb6 74. Rb7+ Kc6 75. Rbf7 Ra2+ 76. Kf3 Ra3+ 77. Ke4
Nc3+ 78. Ke5 Nb5 79. Rf6 R8xa7 80. Rxe6+ Kc5 81. Rxa7 Nxa7 82. Rf6 Re3+ 83. Kf5
Nc6 84. Kf4 Re1 85. Rf5+ Kd4 86. Kg3 Ne5 87. Rf4+ Ke3 88. Rf5 Rg1+ 89. Kh2 Nf3+
90. Rxf3+ Kxf3 91. Kxg1 1/2-1/2

[Event "DVM U20w 2012"]
[Site "Osnabrück GER"]
[Date "2012.12.29"]
[Round "5"]
[White "Wilke, Tabea"]
[Black "Höschen, Franziska"]
[Result "1/2-1/2"]
[Termination "normal"]
[Board "6.1"]
[WhiteElo "1430"]
[BlackElo "1572"]
[WhiteTeam "SC 1979 Hattersheim"]
[BlackTeam "Schachfreunde Paderborn 2000 e.V."]
[WhiteFideId "12910015"]
[EventCountry "GER"]
[EventRounds "7"]
[EventType "team-swiss"]
[EventDate "2012.12.26"]

1. e4 c5 2. Nc3 Nc6 3. Bb5 g6 4. Bxc6 bxc6 5. f4 Bg7 6. Nf3 Nf6 7. d3 O-O 8.
O-O d5 9. Qe1 Ba6 10. e5 Nd7 11. Qh4 e6 12. Qh3 Rb8 13. Ng5 h6 14. Nxe6 fxe6
15. Qxe6+ Kh7 16. Qxc6 Bb7 17. Qd6 d4 18. Nd1 Rc8 19. e6 Nb6 20. Qxd8 Rfxd8 21.
g4 Rc7 22. Nf2 Re8 23. f5 gxf5 24. gxf5 Nd5 25. Ne4 Nf6 26. Nd6 Rg8 27. Nxb7
Rxb7 28. Kh1 Nd5 29. b3 Rf8 30. Ba3 Rc7 31. Rf2 Bf6 32. Raf1 Ne3 33. Rg1 Bg5
34. Rxg5 hxg5 35. f6 Nd5 36. e7 Nxe7 37. fxe7 Re8 38. Re2 Kg6 39. Re5 Rexe7 40.
Rxe7 Rxe7 41. Bxc5 Re1+ 42. Kg2 Re2+ 43. Kf3 Rxc2 44. Bxa7 Rxa2 45. Bxd4 Ra3
46. Kg4 Rxb3 47. Be3 Rxd3 48. Bxg5 Rd4+ 1/2-1/2

[Event "DVM U20w 2012"]
[Site "Osnabrück GER"]
[Date "2012.12.29"]
[Round "5"]
[White "Bünte, Ellen"]
[Black "Rosmanitz, Anna"]
[Result "0-1"]
[Termination "normal"]
[Board "6.2"]
[WhiteElo "1397"]
[BlackElo "1606"]
[WhiteTeam "Schachfreunde Paderborn 2000 e.V."]
[BlackTeam "SC 1979 Hattersheim"]
[WhiteFideId "12964204"]
[BlackFideId "12910058"]
[EventCountry "GER"]
[EventRounds "7"]
[EventType "team-swiss"]
[EventDate "2012.12.26"]

1. c4 e5 2. Nc3 Nf6 3. g3 d5 4. cxd5 Nxd5 5. Bg2 Nb6 6. d3 Nc6 7. Nf3 Be7 8.
O-O O-O 9. Bd2 Be6 10. h3 f5 11. Qc2 f4 12. a3 Qd7 13. Kh2 g5 14. Ne4 h6 15.
Bc3 Nd4 16. Bxd4 exd4 17. Ne5 Qd8 18. Rac1 Nd5 19. Nc5 Qd6 20. Nxe6 fxg3+ 21.
fxg3 Ne3 22. Rxf8+ Rxf8 23. Qxc7 Qxe6 24. Nf3 Nxg2 25. Kxg2 Qxe2+ 26. Kg1 Rxf3
27. Qc4+ Rf7 28. Qxd4 Bf6 29. Rc8+ Kg7 30. Qe4 Qd1+ 31. Kg2 Qd2+ 32. Kf3 Bxb2+
33. Kg4 Qd1+ 0-1

[Event "DVM U20w 2012"]
[Site "Osnabrück GER"]
[Date "2012.12.29"]
[Round "5"]
[White "Goldhausen, Nina"]
[Black "Schrödter, Lisa"]
[Result "1/2-1/2"]
[Termination "normal"]
[Board "6.3"]
[WhiteElo "1093"]
[BlackElo "1091"]
[WhiteTeam "SC 1979 Hattersheim"]
[BlackTeam "Schachfreunde Paderborn 2000 e.V."]
[WhiteFideId "12927309"]
[EventCountry "GER"]
[EventRounds "7"]
[EventType "team-swiss"]
[EventDate "2012.12.26"]

1. c4 e5 2. Nc3 Nf6 3. g3 Nc6 4. Bg2 Bc5 5. e3 d6 6. Nge2 Be6 7. d3 Qd7 8. O-O
Bh3 9. a3 Bxg2 10. Kxg2 O-O 11. b4 Bb6 12. Na4 a6 13. Nxb6 cxb6 14. Bd2 e4 15.
d4 d5 16. c5 bxc5 17. bxc5 Nd8 18. Rb1 Rb8 19. Rb2 Ne6 20. Ng1 Nc7 21. a4 Qe6
22. Bc3 b6 23. cxb6 Rxb6 24. Rxb6 Qxb6 25. Qb1 Qc6 26. Qb3 Nd7 27. Rc1 f5 28.
Ne2 Qg6 29. Nf4 Qf7 30. Ba5 Rb8 31. Qa2 Ne6 32. Qxd5 Ng5 33. Qxf7+ Kxf7 34. Rc7
Ke8 35. Rc6 Ra8 36. h4 Nf3 37. Nh3 h6 38. Ng1 Nxg1 39. Kxg1 Nf6 40. Kg2 Kd7 41.
Rc7+ Ke6 42. Rxg7 h5 43. f3 Nd5 44. Kf2 Rc8 45. fxe4 fxe4 46. Ke2 Rc2+ 47. Bd2
Nc3+ 48. Ke1 Nxa4 49. Rg6+ Kf5 50. Rxa6 Nb2 51. Ra5+ Kg4 52. Rg5+ Kf3 1/2-1/2

[Event "DVM U20w 2012"]
[Site "Osnabrück GER"]
[Date "2012.12.29"]
[Round "5"]
[White "Höschen, Annika"]
[Black "Heyd, Julia"]
[Result "1-0"]
[Termination "normal"]
[Board "6.4"]
[WhiteElo "1169"]
[BlackElo "885"]
[WhiteTeam "Schachfreunde Paderborn 2000 e.V."]
[BlackTeam "SC 1979 Hattersheim"]
[BlackFideId "12927317"]
[EventCountry "GER"]
[EventRounds "7"]
[EventType "team-swiss"]
[EventDate "2012.12.26"]

1. e4 d5 2. Nc3 dxe4 3. Nxe4 Bf5 4. Nc3 e5 5. Nf3 Nc6 6. Bb5 f6 7. O-O Bc5 8.
d3 Nge7 9. a3 a5 10. Be3 Bxe3 11. fxe3 O-O 12. Bc4+ Kh8 13. d4 exd4 14. Nxd4
Nxd4 15. exd4 Bxc2 16. Qd2 Bg6 17. Ne2 c5 18. Nf4 Qxd4+ 19. Qxd4 cxd4 20. Nxg6+
Nxg6 21. b4 axb4 22. axb4 Rxa1 23. Rxa1 Ne5 24. Bb3 b5 25. Kf1 Nc6 26. Bf7 Rxf7
27. Ra8+ 1-0

[Event "DVM U20w 2012"]
[Site "Osnabrück GER"]
[Date "2012.12.30"]
[Round "7"]
[White "Kühnel, Lena"]
[Black "Endress, Anna"]
[Result "1/2-1/2"]
[Termination "normal"]
[Board "1.1"]
[WhiteElo "1904"]
[BlackElo "2120"]
[WhiteTeam "Dortmunder Schachverein 1875"]
[BlackTeam "TSV Schott Mainz"]
[WhiteFideId "24640956"]
[BlackFideId "24629472"]
[EventCountry "GER"]
[EventRounds "7"]
[EventType "team-swiss"]
[EventDate "2012.12.26"]

1. e4 c5 2. Nf3 Nc6 3. d4 cxd4 4. Nxd4 Qb6 5. Nb3 e6 6. Bd3 Nf6 7. Qe2 d6 8.
O-O Be7 9. c4 Qc7 10. Nc3 Ne5 11. Nb5 Qd8 12. Bc2 a6 13. Nc3 Qc7 14. Nd2 Nc6
15. Nb3 Ne5 16. Nd2 b6 17. Kh1 Bb7 18. f4 Nc6 19. Nf3 Rc8 20. Bd2 Nb4 1/2-1/2

[Event "DVM U20w 2012"]
[Site "Osnabrück GER"]
[Date "2012.12.30"]
[Round "7"]
[White "Frey, Alisa"]
[Black "Hoffmann, Hanna Dorina"]
[Result "1-0"]
[Termination "normal"]
[Board "1.2"]
[WhiteTitle "FM"]
[WhiteElo "2039"]
[BlackElo "1603"]
[WhiteTeam "TSV Schott Mainz"]
[BlackTeam "Dortmunder Schachverein 1875"]
[WhiteFideId "24634662"]
[BlackFideId "12909858"]
[EventCountry "GER"]
[EventRounds "7"]
[EventType "team-swiss"]
[EventDate "2012.12.26"]

1. e4 e5 2. Nf3 Nc6 3. Bb5 a6 4. Ba4 Nf6 5. O-O Be7 6. Re1 b5 7. Bb3 O-O 8. h3
Bb7 9. d3 Re8 10. Nc3 d6 11. a4 b4 12. Nd5 Nxd5 13. Bxd5 Na5 14. Bd2 c6 15. Ba2
c5 16. Nh2 Bg5 17. Bxf7+ Kxf7 18. Qh5+ Kg8 19. Bxg5 Qd7 20. Re3 Qf7 21. Qxf7+
Kxf7 22. Rae1 Nc6 23. Rf3+ Kg8 24. Rg3 Kh8 25. Ng4 Bc8 26. Nf6 Rf8 27. Nd5 Ra7
28. Be3 Raf7 29. Rf1 Be6 30. Nb6 Na5 31. b3 Rb8 32. Nd5 Nc6 33. f4 Bxd5 34.
exd5 exf4 35. dxc6 fxg3 36. Rxf7 Re8 37. c7 h6 38. Kf1 1-0

[Event "DVM U20w 2012"]
[Site "Osnabrück GER"]
[Date "2012.12.30"]
[Round "7"]
[White "Voss, Chantal"]
[Black "Finke, Lara"]
[Result "1-0"]
[Termination "normal"]
[Board "1.4"]
[WhiteElo "1899"]
[BlackElo "1673"]
[WhiteTeam "TSV Schott Mainz"]
[BlackTeam "Dortmunder Schachverein 1875"]
[WhiteFideId "4664906"]
[BlackFideId "12909874"]
[EventCountry "GER"]
[EventRounds "7"]
[EventType "team-swiss"]
[EventDate "2012.12.26"]

1. d4 d5 2. c4 c6 3. Qc2 Nf6 4. Nf3 g6 5. Bf4 Bg7 6. g3 O-O 7. Bg2 Bf5 8. Qb3
Qc8 9. O-O Nbd7 10. Nbd2 Re8 11. Rac1 dxc4 12. Nxc4 Nd5 13. Ng5 Nxf4 14. gxf4
h6 15. Nf3 Nf6 16. Nfe5 Be6 17. Qa3 Bh3 18. Bxh3 Qd8 19. Rfd1 Nd5 20. Qg3 e6
21. Bg2 Nf6 22. e4 Rc8 23. Rd3 Qe7 24. Rcd1 Red8 25. b3 Qb4 26. a3 Qe7 27. d5
cxd5 28. exd5 exd5 29. Bxd5 Nxd5 30. Rxd5 Rxd5 31. Rxd5 Rd8 32. Qd3 Rxd5 33.
Qxd5 Bf8 34. Nd6 Kh7 35. Nxb7 Qf6 36. Nd7 Qe7 37. Nd8 Kg7 38. Ne5 Qf6 39. Nexf7
Qe7 40. Qd4+ Qf6 41. Qxa7 Kg8 42. Ne5 Qxf4 43. Qf7+ Qxf7 44. Ndxf7 Bxa3 45.
Nxh6+ Kg7 46. Nhg4 Bd6 47. Kg2 Bb4 48. Kf3 Bd6 49. Ke4 Bb4 50. Kd5 g5 51. Nc6
Bf8 52. b4 1-0